00711nam a2200229Ia 45000010006000000050017000060070003000230080041000260400025000670410008000920820021001001000027001212450059001482500014002072600040002213000027002616530020002886530014003089420012003229520130003349990017004643177220240114001540.0ta060812s a g b000 u 346 u aCotton College,Assam a346 a891.443bB 437 M aBenipuri, Rambrikhya . 0aMatir Murti /cRambrikhya Benipuri.hTextual Documents a1st ed. / aNew Delhi :bSahitya Academy ,cnd. a134p. :bill ;c17cm . aBengali Fiction aG-Bengali 2ddccBK 001040708Circulation (G)aSKBLbSKBLd2012-02-01f00000l0o891.443 B 437 Mp41135r2024-01-14 00:00:00t1w2012-02-01yBK c31754d31754